000 00285nam a22001337a 4500
008 170207b xxu||||| |||| 00| 0 eng d
020 _a0517347954
041 _aeng
080 _a61
100 _a4
101 _aSHM
245 _aTHE POWER FOR HEALTH
_cTAO TE CHING
942 _2udc
_cBK
999 _c4792
_d4792